Grease Actors Quiz Stats

 Plays Quiz Updated Dec 18, 2019

     
Support Sporcle.
Go Orange.
Score 0/10 Timer 05:00
0 Plays Today
Character Actor % Correct
Danny ZukoJohn Travolta
98%
Sandy OlssonOlivia Newton-John
97.5%
Betty RizzoStockard Channing
60.7%
The Teen AngelFrankie Avalon
33.6%
KenickieJeff Conaway
30.8%
FrenchyDidi Conn
27.4%
Coach CalhounSid Caesar
22.1%
Principal McGeeEve Arden
18.9%
Marty MaraschinoDinah Manoff
13%
Vince FontaineEdd Byrnes
11%

From the Vault

World Cup Goal Scorers

by Ben

Sports 7m
Footballers from Brazil scoring a lot of goals in World Cup matches? How strange.
Remove Ads.
Support Sporcle.
Get the best of Sporcle when you Go Orange. This ad-free experience offers more features, more stats, and more fun while also helping to support Sporcle. Thank you for becoming a member.

Show Comments

Extras

Top Quizzes Today


Score Distribution

Your Account Isn't Verified!

In order to create a playlist on Sporcle, you need to verify the email address you used during registration. Go to your Sporcle Settings to finish the process.

Report this User

Report this user for behavior that violates our Community Guidelines.

Details: